<?xml version="1.0" encoding="UTF-8"?>
<record
    xmlns:xsi="http://www.w3.org/2001/XMLSchema-instance"
    xsi:schemaLocation="http://www.loc.gov/MARC21/slim http://www.loc.gov/standards/marcxml/schema/MARC21slim.xsd"
    xmlns="http://www.loc.gov/MARC21/slim">

  <leader>00934nas a2200241 454500</leader>
  <controlfield tag="001">54118</controlfield>
  <controlfield tag="005">20260407193512.0</controlfield>
  <controlfield tag="008">260407s1953####ag###########|||spa#d</controlfield>
  <controlfield tag="003">AR-UNSa-BCEJYS</controlfield>
  <datafield tag="040" ind1=" " ind2=" ">
    <subfield code="a">AR-UNSa-BCEJYS</subfield>
    <subfield code="b">spa</subfield>
    <subfield code="c">AR-UNSa-BCEJYS</subfield>
  </datafield>
  <datafield tag="080" ind1=" " ind2=" ">
    <subfield code="a">349.2</subfield>
    <subfield code="x">Derecho del Trabajo</subfield>
  </datafield>
  <datafield tag="245" ind1="1" ind2="0">
    <subfield code="a">Legislaci&#xF3;n del trabajo</subfield>
    <subfield code="p">Revista mensual de legislaci&#xF3;n, jurisprudencia y doctrina</subfield>
  </datafield>
  <datafield tag="264" ind1=" " ind2="1">
    <subfield code="a">Buenos Aires :</subfield>
    <subfield code="b">Ediciones Contabilidad Moderna</subfield>
    <subfield code="c">1953</subfield>
  </datafield>
  <datafield tag="310" ind1=" " ind2=" ">
    <subfield code="a">Frecuencia: Anual
Revista Legislaci&#xF3;n del trabajo encudernada en tomos
Cambia de Director a partir del Tomo XVIII/A por Juan Carlos Fern&#xE1;ndez Madrid
Cambia de Director a partir del Tomo XXVIII/A por Carlos A. Raimondi
</subfield>
  </datafield>
  <datafield tag="041" ind1=" " ind2=" ">
    <subfield code="a">spa</subfield>
  </datafield>
  <datafield tag="942" ind1=" " ind2=" ">
    <subfield code="c">SER</subfield>
  </datafield>
  <datafield tag="590" ind1=" " ind2=" ">
    <subfield code="a">niveau_biblio:s niveau_hierar:1</subfield>
  </datafield>
  <datafield tag="100" ind1="1" ind2=" ">
    <subfield code="a">Raimondi, Carlos A.</subfield>
  </datafield>
  <datafield tag="650" ind1=" " ind2=" ">
    <subfield code="a">Derecho del trabajo</subfield>
  </datafield>
  <datafield tag="650" ind1=" " ind2=" ">
    <subfield code="a">Derecho laboral</subfield>
  </datafield>
  <datafield tag="650" ind1=" " ind2=" ">
    <subfield code="a">Legislaci&#xF3;n</subfield>
  </datafield>
  <datafield tag="650" ind1=" " ind2=" ">
    <subfield code="a">JURISPRUDENCIA</subfield>
  </datafield>
  <datafield tag="999" ind1=" " ind2=" ">
    <subfield code="c">8971</subfield>
    <subfield code="d">8971</subfield>
  </datafield>
  <datafield tag="952" ind1=" " ind2=" ">
    <subfield code="0">0</subfield>
    <subfield code="1">0</subfield>
    <subfield code="4">0</subfield>
    <subfield code="7">0</subfield>
    <subfield code="a">BCEJYS</subfield>
    <subfield code="b">BCEJYS</subfield>
    <subfield code="c">17</subfield>
    <subfield code="d">1985-06-01</subfield>
    <subfield code="h">ene.1953 / jun.1978</subfield>
    <subfield code="l">0</subfield>
    <subfield code="o">H349.2 LEG T.1/32</subfield>
    <subfield code="p">R05921</subfield>
    <subfield code="r">2026-04-10 16:10:19</subfield>
    <subfield code="w">2026-04-10</subfield>
    <subfield code="y">RN</subfield>
  </datafield>
  <datafield tag="952" ind1=" " ind2=" ">
    <subfield code="0">0</subfield>
    <subfield code="1">0</subfield>
    <subfield code="4">0</subfield>
    <subfield code="7">0</subfield>
    <subfield code="a">BCEJYS</subfield>
    <subfield code="b">BCEJYS</subfield>
    <subfield code="c">13</subfield>
    <subfield code="d">1984-07-01</subfield>
    <subfield code="h">Tomo XXXI/B - jul./dic. 1984</subfield>
    <subfield code="l">0</subfield>
    <subfield code="o">H349.2 LEG T.31/B</subfield>
    <subfield code="p">R23306</subfield>
    <subfield code="r">2026-04-10 16:10:19</subfield>
    <subfield code="w">2026-04-10</subfield>
    <subfield code="y">RN</subfield>
  </datafield>
  <datafield tag="952" ind1=" " ind2=" ">
    <subfield code="0">0</subfield>
    <subfield code="1">0</subfield>
    <subfield code="4">0</subfield>
    <subfield code="7">0</subfield>
    <subfield code="a">BCEJYS</subfield>
    <subfield code="b">BCEJYS</subfield>
    <subfield code="c">13</subfield>
    <subfield code="d">1984-01-01</subfield>
    <subfield code="h">Tomo XXXI/A - ene./jun. 1984</subfield>
    <subfield code="l">0</subfield>
    <subfield code="o">H349.2 LEG T.31/A</subfield>
    <subfield code="p">R23305</subfield>
    <subfield code="r">2026-04-10 16:10:19</subfield>
    <subfield code="w">2026-04-10</subfield>
    <subfield code="y">RN</subfield>
  </datafield>
  <datafield tag="952" ind1=" " ind2=" ">
    <subfield code="0">0</subfield>
    <subfield code="1">0</subfield>
    <subfield code="4">0</subfield>
    <subfield code="7">0</subfield>
    <subfield code="a">BCEJYS</subfield>
    <subfield code="b">BCEJYS</subfield>
    <subfield code="c">13</subfield>
    <subfield code="d">1983-07-01</subfield>
    <subfield code="h">Tomo XXX/B - jul./dic. 1983</subfield>
    <subfield code="l">0</subfield>
    <subfield code="o">H349.2 LEG T.30/B</subfield>
    <subfield code="p">R23304</subfield>
    <subfield code="r">2026-04-10 16:10:19</subfield>
    <subfield code="w">2026-04-10</subfield>
    <subfield code="y">RN</subfield>
  </datafield>
  <datafield tag="952" ind1=" " ind2=" ">
    <subfield code="0">0</subfield>
    <subfield code="1">0</subfield>
    <subfield code="4">0</subfield>
    <subfield code="7">0</subfield>
    <subfield code="a">BCEJYS</subfield>
    <subfield code="b">BCEJYS</subfield>
    <subfield code="c">13</subfield>
    <subfield code="d">1982-01-01</subfield>
    <subfield code="h">Tomo XXX/A - ene./dic. 1982</subfield>
    <subfield code="l">0</subfield>
    <subfield code="o">H349.2 LEG T.30/A</subfield>
    <subfield code="p">R23303</subfield>
    <subfield code="r">2026-04-10 16:10:19</subfield>
    <subfield code="w">2026-04-10</subfield>
    <subfield code="y">RN</subfield>
  </datafield>
  <datafield tag="952" ind1=" " ind2=" ">
    <subfield code="0">0</subfield>
    <subfield code="1">0</subfield>
    <subfield code="4">0</subfield>
    <subfield code="7">0</subfield>
    <subfield code="a">BCEJYS</subfield>
    <subfield code="b">BCEJYS</subfield>
    <subfield code="c">13</subfield>
    <subfield code="d">1981-07-01</subfield>
    <subfield code="h">Tomo XXIX/B - jul./dic. 1981</subfield>
    <subfield code="l">0</subfield>
    <subfield code="o">H349.2 LEG T.29/B</subfield>
    <subfield code="p">R23302</subfield>
    <subfield code="r">2026-04-10 16:10:19</subfield>
    <subfield code="w">2026-04-10</subfield>
    <subfield code="y">RN</subfield>
  </datafield>
  <datafield tag="952" ind1=" " ind2=" ">
    <subfield code="0">0</subfield>
    <subfield code="1">0</subfield>
    <subfield code="4">0</subfield>
    <subfield code="7">0</subfield>
    <subfield code="a">BCEJYS</subfield>
    <subfield code="b">BCEJYS</subfield>
    <subfield code="c">13</subfield>
    <subfield code="d">1981-01-01</subfield>
    <subfield code="h">Tomo XXIX/A - ene./jun. 1981</subfield>
    <subfield code="l">0</subfield>
    <subfield code="o">H349.2 LEG T.29/A</subfield>
    <subfield code="p">R23301</subfield>
    <subfield code="r">2026-04-10 16:10:19</subfield>
    <subfield code="w">2026-04-10</subfield>
    <subfield code="y">RN</subfield>
  </datafield>
  <datafield tag="952" ind1=" " ind2=" ">
    <subfield code="0">0</subfield>
    <subfield code="1">0</subfield>
    <subfield code="4">0</subfield>
    <subfield code="7">0</subfield>
    <subfield code="a">BCEJYS</subfield>
    <subfield code="b">BCEJYS</subfield>
    <subfield code="c">13</subfield>
    <subfield code="d">1980-07-01</subfield>
    <subfield code="h">Tomo XXVIII/B - jul./dic. 1980</subfield>
    <subfield code="l">0</subfield>
    <subfield code="o">H349.2 LEG T.28/B</subfield>
    <subfield code="p">R23299</subfield>
    <subfield code="r">2026-04-10 16:10:19</subfield>
    <subfield code="w">2026-04-10</subfield>
    <subfield code="y">RN</subfield>
  </datafield>
  <datafield tag="952" ind1=" " ind2=" ">
    <subfield code="0">0</subfield>
    <subfield code="1">0</subfield>
    <subfield code="4">0</subfield>
    <subfield code="7">0</subfield>
    <subfield code="a">BCEJYS</subfield>
    <subfield code="b">BCEJYS</subfield>
    <subfield code="c">13</subfield>
    <subfield code="d">1980-07-01</subfield>
    <subfield code="h">Tomo XXVIII/B - jul./dic. 1980</subfield>
    <subfield code="l">0</subfield>
    <subfield code="o">H349.2 LEG T.28/B Ej.2</subfield>
    <subfield code="p">R23300</subfield>
    <subfield code="r">2026-04-10 16:10:19</subfield>
    <subfield code="w">2026-04-10</subfield>
    <subfield code="y">RN</subfield>
  </datafield>
  <datafield tag="952" ind1=" " ind2=" ">
    <subfield code="0">0</subfield>
    <subfield code="1">0</subfield>
    <subfield code="4">0</subfield>
    <subfield code="7">0</subfield>
    <subfield code="a">BCEJYS</subfield>
    <subfield code="b">BCEJYS</subfield>
    <subfield code="c">13</subfield>
    <subfield code="d">1980-01-01</subfield>
    <subfield code="h">Tomo XXVIII/A - ene./jun. 1980</subfield>
    <subfield code="l">0</subfield>
    <subfield code="o">H349.2 LEG T.28/A</subfield>
    <subfield code="p">R23297</subfield>
    <subfield code="r">2026-04-10 16:10:19</subfield>
    <subfield code="w">2026-04-10</subfield>
    <subfield code="y">RN</subfield>
  </datafield>
  <datafield tag="952" ind1=" " ind2=" ">
    <subfield code="0">0</subfield>
    <subfield code="1">0</subfield>
    <subfield code="4">0</subfield>
    <subfield code="7">0</subfield>
    <subfield code="a">BCEJYS</subfield>
    <subfield code="b">BCEJYS</subfield>
    <subfield code="c">13</subfield>
    <subfield code="d">1980-01-01</subfield>
    <subfield code="h">Tomo XXVIII/A - ene./jun. 1980</subfield>
    <subfield code="l">0</subfield>
    <subfield code="o">H349.2 LEG T.28/A Ej.2</subfield>
    <subfield code="p">R23298</subfield>
    <subfield code="r">2026-04-10 16:10:19</subfield>
    <subfield code="w">2026-04-10</subfield>
    <subfield code="y">RN</subfield>
  </datafield>
  <datafield tag="952" ind1=" " ind2=" ">
    <subfield code="0">0</subfield>
    <subfield code="1">0</subfield>
    <subfield code="4">0</subfield>
    <subfield code="7">0</subfield>
    <subfield code="a">BCEJYS</subfield>
    <subfield code="b">BCEJYS</subfield>
    <subfield code="c">13</subfield>
    <subfield code="d">1979-07-01</subfield>
    <subfield code="h">Tomo XXVII/B - jul./dic. 1979</subfield>
    <subfield code="l">0</subfield>
    <subfield code="o">H349.2 LEG T.27/B</subfield>
    <subfield code="p">R23296</subfield>
    <subfield code="r">2026-04-10 16:10:19</subfield>
    <subfield code="w">2026-04-10</subfield>
    <subfield code="y">RN</subfield>
  </datafield>
  <datafield tag="952" ind1=" " ind2=" ">
    <subfield code="0">0</subfield>
    <subfield code="1">0</subfield>
    <subfield code="4">0</subfield>
    <subfield code="7">0</subfield>
    <subfield code="a">BCEJYS</subfield>
    <subfield code="b">BCEJYS</subfield>
    <subfield code="c">13</subfield>
    <subfield code="d">1979-01-01</subfield>
    <subfield code="h">Tomo XXVII/A - ene./dic. 1979</subfield>
    <subfield code="l">0</subfield>
    <subfield code="o">H349.2 LEG T.27/A</subfield>
    <subfield code="p">R23295</subfield>
    <subfield code="r">2026-04-10 16:10:19</subfield>
    <subfield code="w">2026-04-10</subfield>
    <subfield code="y">RN</subfield>
  </datafield>
  <datafield tag="952" ind1=" " ind2=" ">
    <subfield code="0">0</subfield>
    <subfield code="1">0</subfield>
    <subfield code="4">0</subfield>
    <subfield code="7">0</subfield>
    <subfield code="a">BCEJYS</subfield>
    <subfield code="b">BCEJYS</subfield>
    <subfield code="c">13</subfield>
    <subfield code="d">1978-07-01</subfield>
    <subfield code="h">Tomo XXVI/B - jul./dic. 1978</subfield>
    <subfield code="l">0</subfield>
    <subfield code="o">H349.2 LEG T.26/B</subfield>
    <subfield code="p">R23294</subfield>
    <subfield code="r">2026-04-10 16:10:19</subfield>
    <subfield code="w">2026-04-10</subfield>
    <subfield code="y">RN</subfield>
  </datafield>
  <datafield tag="952" ind1=" " ind2=" ">
    <subfield code="0">0</subfield>
    <subfield code="1">0</subfield>
    <subfield code="4">0</subfield>
    <subfield code="7">0</subfield>
    <subfield code="a">BCEJYS</subfield>
    <subfield code="b">BCEJYS</subfield>
    <subfield code="c">13</subfield>
    <subfield code="d">1978-01-01</subfield>
    <subfield code="h">Tomo XXVI/A - ene./dic. 1978</subfield>
    <subfield code="l">0</subfield>
    <subfield code="o">H349.2 LEG T.26/A</subfield>
    <subfield code="p">R23293</subfield>
    <subfield code="r">2026-04-10 16:10:19</subfield>
    <subfield code="w">2026-04-10</subfield>
    <subfield code="y">RN</subfield>
  </datafield>
  <datafield tag="952" ind1=" " ind2=" ">
    <subfield code="0">0</subfield>
    <subfield code="1">0</subfield>
    <subfield code="4">0</subfield>
    <subfield code="7">0</subfield>
    <subfield code="a">BCEJYS</subfield>
    <subfield code="b">BCEJYS</subfield>
    <subfield code="c">13</subfield>
    <subfield code="d">1977-07-01</subfield>
    <subfield code="h">Tomo XXV/B - jul./dic. 1977</subfield>
    <subfield code="l">0</subfield>
    <subfield code="o">H349.2 LEG T.25/B</subfield>
    <subfield code="p">R23292</subfield>
    <subfield code="r">2026-04-10 16:10:19</subfield>
    <subfield code="w">2026-04-10</subfield>
    <subfield code="y">RN</subfield>
  </datafield>
  <datafield tag="952" ind1=" " ind2=" ">
    <subfield code="0">0</subfield>
    <subfield code="1">0</subfield>
    <subfield code="4">0</subfield>
    <subfield code="7">0</subfield>
    <subfield code="a">BCEJYS</subfield>
    <subfield code="b">BCEJYS</subfield>
    <subfield code="c">13</subfield>
    <subfield code="d">1977-01-01</subfield>
    <subfield code="h">Tomo XXV/A - ene./jun. 1977</subfield>
    <subfield code="l">0</subfield>
    <subfield code="o">H349.2 LEG T.25/A</subfield>
    <subfield code="p">R23291</subfield>
    <subfield code="r">2026-04-10 16:10:19</subfield>
    <subfield code="w">2026-04-10</subfield>
    <subfield code="y">RN</subfield>
  </datafield>
  <datafield tag="952" ind1=" " ind2=" ">
    <subfield code="0">0</subfield>
    <subfield code="1">0</subfield>
    <subfield code="4">0</subfield>
    <subfield code="7">0</subfield>
    <subfield code="a">BCEJYS</subfield>
    <subfield code="b">BCEJYS</subfield>
    <subfield code="c">13</subfield>
    <subfield code="d">1976-07-01</subfield>
    <subfield code="h">Tomo XXIV/B - jul./dic. 1976</subfield>
    <subfield code="l">0</subfield>
    <subfield code="o">H349.2 LEG T.24/B</subfield>
    <subfield code="p">R23290</subfield>
    <subfield code="r">2026-04-10 16:10:19</subfield>
    <subfield code="w">2026-04-10</subfield>
    <subfield code="y">RN</subfield>
  </datafield>
  <datafield tag="952" ind1=" " ind2=" ">
    <subfield code="0">0</subfield>
    <subfield code="1">0</subfield>
    <subfield code="4">0</subfield>
    <subfield code="7">0</subfield>
    <subfield code="a">BCEJYS</subfield>
    <subfield code="b">BCEJYS</subfield>
    <subfield code="c">13</subfield>
    <subfield code="d">1976-01-01</subfield>
    <subfield code="h">Tomo XXIV/A - ene./jun. 1976</subfield>
    <subfield code="l">0</subfield>
    <subfield code="o">H349.2 LEG T.24/A</subfield>
    <subfield code="p">R23289</subfield>
    <subfield code="r">2026-04-10 16:10:19</subfield>
    <subfield code="w">2026-04-10</subfield>
    <subfield code="y">RN</subfield>
  </datafield>
  <datafield tag="952" ind1=" " ind2=" ">
    <subfield code="0">0</subfield>
    <subfield code="1">0</subfield>
    <subfield code="4">0</subfield>
    <subfield code="7">0</subfield>
    <subfield code="a">BCEJYS</subfield>
    <subfield code="b">BCEJYS</subfield>
    <subfield code="c">13</subfield>
    <subfield code="d">1974-01-01</subfield>
    <subfield code="h">Tomo XXIII/A - ene./dic. 1974</subfield>
    <subfield code="l">0</subfield>
    <subfield code="o">H349.2 LEG T.23/A</subfield>
    <subfield code="p">R23288</subfield>
    <subfield code="r">2026-04-10 16:10:19</subfield>
    <subfield code="w">2026-04-10</subfield>
    <subfield code="y">RN</subfield>
  </datafield>
  <datafield tag="952" ind1=" " ind2=" ">
    <subfield code="0">0</subfield>
    <subfield code="1">0</subfield>
    <subfield code="4">0</subfield>
    <subfield code="7">0</subfield>
    <subfield code="a">BCEJYS</subfield>
    <subfield code="b">BCEJYS</subfield>
    <subfield code="c">13</subfield>
    <subfield code="d">1973-07-01</subfield>
    <subfield code="h">Tomo XXI/B - jul./dic. 1973</subfield>
    <subfield code="l">0</subfield>
    <subfield code="o">H349.2 LEG T.21/B</subfield>
    <subfield code="p">R23287</subfield>
    <subfield code="r">2026-04-10 16:10:19</subfield>
    <subfield code="w">2026-04-10</subfield>
    <subfield code="y">RN</subfield>
  </datafield>
  <datafield tag="952" ind1=" " ind2=" ">
    <subfield code="0">0</subfield>
    <subfield code="1">0</subfield>
    <subfield code="4">0</subfield>
    <subfield code="7">0</subfield>
    <subfield code="a">BCEJYS</subfield>
    <subfield code="b">BCEJYS</subfield>
    <subfield code="c">13</subfield>
    <subfield code="d">1973-01-01</subfield>
    <subfield code="h">Tomo XXI/A - ene./jun. 1973</subfield>
    <subfield code="l">0</subfield>
    <subfield code="o">H349.2 LEG T.21/A</subfield>
    <subfield code="p">R23286</subfield>
    <subfield code="r">2026-04-10 16:10:19</subfield>
    <subfield code="w">2026-04-10</subfield>
    <subfield code="y">RN</subfield>
  </datafield>
  <datafield tag="952" ind1=" " ind2=" ">
    <subfield code="0">0</subfield>
    <subfield code="1">0</subfield>
    <subfield code="4">0</subfield>
    <subfield code="7">0</subfield>
    <subfield code="a">BCEJYS</subfield>
    <subfield code="b">BCEJYS</subfield>
    <subfield code="c">13</subfield>
    <subfield code="d">1972-07-01</subfield>
    <subfield code="h">Tomo XX/B - jul./dic. 1972</subfield>
    <subfield code="l">0</subfield>
    <subfield code="o">H349.2 LEG T.20/B</subfield>
    <subfield code="p">R23285</subfield>
    <subfield code="r">2026-04-10 16:10:19</subfield>
    <subfield code="w">2026-04-10</subfield>
    <subfield code="y">RN</subfield>
  </datafield>
  <datafield tag="952" ind1=" " ind2=" ">
    <subfield code="0">0</subfield>
    <subfield code="1">0</subfield>
    <subfield code="4">0</subfield>
    <subfield code="7">0</subfield>
    <subfield code="a">BCEJYS</subfield>
    <subfield code="b">BCEJYS</subfield>
    <subfield code="c">13</subfield>
    <subfield code="d">1972-01-01</subfield>
    <subfield code="h">Tomo XX/A - ene./jun. 1972</subfield>
    <subfield code="l">0</subfield>
    <subfield code="o">349.2 R153</subfield>
    <subfield code="p">R23284</subfield>
    <subfield code="r">2026-04-10 16:10:19</subfield>
    <subfield code="w">2026-04-10</subfield>
    <subfield code="y">RN</subfield>
  </datafield>
  <datafield tag="952" ind1=" " ind2=" ">
    <subfield code="0">0</subfield>
    <subfield code="1">0</subfield>
    <subfield code="4">0</subfield>
    <subfield code="7">0</subfield>
    <subfield code="a">BCEJYS</subfield>
    <subfield code="b">BCEJYS</subfield>
    <subfield code="c">13</subfield>
    <subfield code="d">1971-07-01</subfield>
    <subfield code="h">Tomo XIX/B - jul./dic. 1971</subfield>
    <subfield code="l">0</subfield>
    <subfield code="o">H349.2 LEG T.19/B</subfield>
    <subfield code="p">R23283</subfield>
    <subfield code="r">2026-04-10 16:10:19</subfield>
    <subfield code="w">2026-04-10</subfield>
    <subfield code="y">RN</subfield>
  </datafield>
  <datafield tag="952" ind1=" " ind2=" ">
    <subfield code="0">0</subfield>
    <subfield code="1">0</subfield>
    <subfield code="4">0</subfield>
    <subfield code="7">0</subfield>
    <subfield code="a">BCEJYS</subfield>
    <subfield code="b">BCEJYS</subfield>
    <subfield code="c">13</subfield>
    <subfield code="d">1971-01-01</subfield>
    <subfield code="h">Tomo XIX/A - ene./jun. 1971</subfield>
    <subfield code="l">0</subfield>
    <subfield code="o">H349.2 LEG T.19/A</subfield>
    <subfield code="p">R23282</subfield>
    <subfield code="r">2026-04-10 16:10:19</subfield>
    <subfield code="w">2026-04-10</subfield>
    <subfield code="y">RN</subfield>
  </datafield>
  <datafield tag="952" ind1=" " ind2=" ">
    <subfield code="0">0</subfield>
    <subfield code="1">0</subfield>
    <subfield code="4">0</subfield>
    <subfield code="7">0</subfield>
    <subfield code="a">BCEJYS</subfield>
    <subfield code="b">BCEJYS</subfield>
    <subfield code="c">13</subfield>
    <subfield code="d">1970-07-01</subfield>
    <subfield code="h">Tomo XVIII/B - jul./dic. 1970</subfield>
    <subfield code="l">0</subfield>
    <subfield code="o">H349.2 LEG T.18/B</subfield>
    <subfield code="p">R23281</subfield>
    <subfield code="r">2026-04-10 16:10:19</subfield>
    <subfield code="w">2026-04-10</subfield>
    <subfield code="y">RN</subfield>
  </datafield>
  <datafield tag="952" ind1=" " ind2=" ">
    <subfield code="0">0</subfield>
    <subfield code="1">0</subfield>
    <subfield code="4">0</subfield>
    <subfield code="7">0</subfield>
    <subfield code="a">BCEJYS</subfield>
    <subfield code="b">BCEJYS</subfield>
    <subfield code="c">13</subfield>
    <subfield code="d">1970-01-01</subfield>
    <subfield code="h">Tomo XVIII/A - ene./jun. 1970</subfield>
    <subfield code="l">0</subfield>
    <subfield code="o">H349.2 LEG T.18/A</subfield>
    <subfield code="p">R23280</subfield>
    <subfield code="r">2026-04-10 16:10:19</subfield>
    <subfield code="w">2026-04-10</subfield>
    <subfield code="y">RN</subfield>
  </datafield>
  <datafield tag="952" ind1=" " ind2=" ">
    <subfield code="0">0</subfield>
    <subfield code="1">0</subfield>
    <subfield code="4">0</subfield>
    <subfield code="7">0</subfield>
    <subfield code="a">BCEJYS</subfield>
    <subfield code="b">BCEJYS</subfield>
    <subfield code="c">13</subfield>
    <subfield code="d">1969-07-01</subfield>
    <subfield code="h">Tomo XVII/B - jul./dic. 1969</subfield>
    <subfield code="l">0</subfield>
    <subfield code="o">H349.2 LEG T.17/B</subfield>
    <subfield code="p">R23279</subfield>
    <subfield code="r">2026-04-10 16:10:19</subfield>
    <subfield code="w">2026-04-10</subfield>
    <subfield code="y">RN</subfield>
  </datafield>
  <datafield tag="952" ind1=" " ind2=" ">
    <subfield code="0">0</subfield>
    <subfield code="1">0</subfield>
    <subfield code="4">0</subfield>
    <subfield code="7">0</subfield>
    <subfield code="a">BCEJYS</subfield>
    <subfield code="b">BCEJYS</subfield>
    <subfield code="c">13</subfield>
    <subfield code="d">1969-01-01</subfield>
    <subfield code="h">Tomo XVII/A - ene./jun. 1969</subfield>
    <subfield code="l">0</subfield>
    <subfield code="o">H349.2 LEG T.17/A</subfield>
    <subfield code="p">R23278</subfield>
    <subfield code="r">2026-04-10 16:10:19</subfield>
    <subfield code="w">2026-04-10</subfield>
    <subfield code="y">RN</subfield>
  </datafield>
  <datafield tag="952" ind1=" " ind2=" ">
    <subfield code="0">0</subfield>
    <subfield code="1">0</subfield>
    <subfield code="4">0</subfield>
    <subfield code="7">0</subfield>
    <subfield code="a">BCEJYS</subfield>
    <subfield code="b">BCEJYS</subfield>
    <subfield code="c">13</subfield>
    <subfield code="d">1968-07-01</subfield>
    <subfield code="h">Tomo XVI/B - jul./dic. 1968</subfield>
    <subfield code="l">0</subfield>
    <subfield code="o">H349.2 LEG T.16/B</subfield>
    <subfield code="p">R23277</subfield>
    <subfield code="r">2026-04-10 16:10:19</subfield>
    <subfield code="w">2026-04-10</subfield>
    <subfield code="y">RN</subfield>
  </datafield>
  <datafield tag="952" ind1=" " ind2=" ">
    <subfield code="0">0</subfield>
    <subfield code="1">0</subfield>
    <subfield code="4">0</subfield>
    <subfield code="7">0</subfield>
    <subfield code="a">BCEJYS</subfield>
    <subfield code="b">BCEJYS</subfield>
    <subfield code="c">13</subfield>
    <subfield code="d">1968-01-01</subfield>
    <subfield code="h">Tomo XVI/A - ene./jun. 1968</subfield>
    <subfield code="l">0</subfield>
    <subfield code="o">H349.2 LEG T.16/A</subfield>
    <subfield code="p">R23276</subfield>
    <subfield code="r">2026-04-10 16:10:19</subfield>
    <subfield code="w">2026-04-10</subfield>
    <subfield code="y">RN</subfield>
  </datafield>
  <datafield tag="952" ind1=" " ind2=" ">
    <subfield code="0">0</subfield>
    <subfield code="1">0</subfield>
    <subfield code="4">0</subfield>
    <subfield code="7">0</subfield>
    <subfield code="a">BCEJYS</subfield>
    <subfield code="b">BCEJYS</subfield>
    <subfield code="c">13</subfield>
    <subfield code="d">1967-01-01</subfield>
    <subfield code="h">Tomo XV - ene./dic. 1967</subfield>
    <subfield code="l">0</subfield>
    <subfield code="o">H349.2 LEG T.15</subfield>
    <subfield code="p">R23275</subfield>
    <subfield code="r">2026-04-10 16:10:19</subfield>
    <subfield code="w">2026-04-10</subfield>
    <subfield code="y">RN</subfield>
  </datafield>
  <datafield tag="952" ind1=" " ind2=" ">
    <subfield code="0">0</subfield>
    <subfield code="1">0</subfield>
    <subfield code="4">0</subfield>
    <subfield code="7">0</subfield>
    <subfield code="a">BCEJYS</subfield>
    <subfield code="b">BCEJYS</subfield>
    <subfield code="c">13</subfield>
    <subfield code="d">1966-01-01</subfield>
    <subfield code="h">Tomo XIV - ene./dic. 1966</subfield>
    <subfield code="l">0</subfield>
    <subfield code="o">H349.2 LEG T.14</subfield>
    <subfield code="p">R23274</subfield>
    <subfield code="r">2026-04-10 16:10:20</subfield>
    <subfield code="w">2026-04-10</subfield>
    <subfield code="y">RN</subfield>
  </datafield>
  <datafield tag="952" ind1=" " ind2=" ">
    <subfield code="0">0</subfield>
    <subfield code="1">0</subfield>
    <subfield code="4">0</subfield>
    <subfield code="7">0</subfield>
    <subfield code="a">BCEJYS</subfield>
    <subfield code="b">BCEJYS</subfield>
    <subfield code="c">13</subfield>
    <subfield code="d">1965-01-01</subfield>
    <subfield code="h">Tomo XIII - ene./dic. 1965</subfield>
    <subfield code="l">0</subfield>
    <subfield code="o">H349.2 LEG T.13</subfield>
    <subfield code="p">R23273</subfield>
    <subfield code="r">2026-04-10 16:10:20</subfield>
    <subfield code="w">2026-04-10</subfield>
    <subfield code="y">RN</subfield>
  </datafield>
  <datafield tag="952" ind1=" " ind2=" ">
    <subfield code="0">0</subfield>
    <subfield code="1">0</subfield>
    <subfield code="4">0</subfield>
    <subfield code="7">0</subfield>
    <subfield code="a">BCEJYS</subfield>
    <subfield code="b">BCEJYS</subfield>
    <subfield code="c">13</subfield>
    <subfield code="d">1964-01-01</subfield>
    <subfield code="h">Tomo XII - ene./dic. 1964</subfield>
    <subfield code="l">0</subfield>
    <subfield code="o">H349.2 LEG T.12</subfield>
    <subfield code="p">R23272</subfield>
    <subfield code="r">2026-04-10 16:10:20</subfield>
    <subfield code="w">2026-04-10</subfield>
    <subfield code="y">RN</subfield>
  </datafield>
  <datafield tag="952" ind1=" " ind2=" ">
    <subfield code="0">0</subfield>
    <subfield code="1">0</subfield>
    <subfield code="4">0</subfield>
    <subfield code="7">0</subfield>
    <subfield code="a">BCEJYS</subfield>
    <subfield code="b">BCEJYS</subfield>
    <subfield code="c">13</subfield>
    <subfield code="d">1963-01-01</subfield>
    <subfield code="h">Tomo XI - ene./dic. 1963</subfield>
    <subfield code="l">0</subfield>
    <subfield code="o">H349.2 LEG T.11</subfield>
    <subfield code="p">R23271</subfield>
    <subfield code="r">2026-04-10 16:10:20</subfield>
    <subfield code="w">2026-04-10</subfield>
    <subfield code="y">RN</subfield>
  </datafield>
  <datafield tag="952" ind1=" " ind2=" ">
    <subfield code="0">0</subfield>
    <subfield code="1">0</subfield>
    <subfield code="4">0</subfield>
    <subfield code="7">0</subfield>
    <subfield code="a">BCEJYS</subfield>
    <subfield code="b">BCEJYS</subfield>
    <subfield code="c">13</subfield>
    <subfield code="d">1962-01-01</subfield>
    <subfield code="h">Tomo X - ene./dic. 1962</subfield>
    <subfield code="l">0</subfield>
    <subfield code="o">H349.2 LEG T.10</subfield>
    <subfield code="p">R23270</subfield>
    <subfield code="r">2026-04-10 16:10:20</subfield>
    <subfield code="w">2026-04-10</subfield>
    <subfield code="y">RN</subfield>
  </datafield>
  <datafield tag="952" ind1=" " ind2=" ">
    <subfield code="0">0</subfield>
    <subfield code="1">0</subfield>
    <subfield code="4">0</subfield>
    <subfield code="7">0</subfield>
    <subfield code="a">BCEJYS</subfield>
    <subfield code="b">BCEJYS</subfield>
    <subfield code="c">13</subfield>
    <subfield code="d">1961-01-01</subfield>
    <subfield code="h">Tomo IX - ene./dic. 1961</subfield>
    <subfield code="l">0</subfield>
    <subfield code="o">H349.2 LEG T.9</subfield>
    <subfield code="p">R23269</subfield>
    <subfield code="r">2026-04-10 16:10:20</subfield>
    <subfield code="w">2026-04-10</subfield>
    <subfield code="y">RN</subfield>
  </datafield>
  <datafield tag="952" ind1=" " ind2=" ">
    <subfield code="0">0</subfield>
    <subfield code="1">0</subfield>
    <subfield code="4">0</subfield>
    <subfield code="7">0</subfield>
    <subfield code="a">BCEJYS</subfield>
    <subfield code="b">BCEJYS</subfield>
    <subfield code="c">13</subfield>
    <subfield code="d">1960-01-01</subfield>
    <subfield code="h">Tomo VIII - ene./dic. 1960</subfield>
    <subfield code="l">0</subfield>
    <subfield code="o">H349.2 LEG T.8</subfield>
    <subfield code="p">R23268</subfield>
    <subfield code="r">2026-04-10 16:10:20</subfield>
    <subfield code="w">2026-04-10</subfield>
    <subfield code="y">RN</subfield>
  </datafield>
  <datafield tag="952" ind1=" " ind2=" ">
    <subfield code="0">0</subfield>
    <subfield code="1">0</subfield>
    <subfield code="4">0</subfield>
    <subfield code="7">0</subfield>
    <subfield code="a">BCEJYS</subfield>
    <subfield code="b">BCEJYS</subfield>
    <subfield code="c">13</subfield>
    <subfield code="d">1959-01-01</subfield>
    <subfield code="h">Tomo VII - ene./dic. 1959</subfield>
    <subfield code="l">0</subfield>
    <subfield code="o">H349.2 LEG T.7</subfield>
    <subfield code="p">R23267</subfield>
    <subfield code="r">2026-04-10 16:10:20</subfield>
    <subfield code="w">2026-04-10</subfield>
    <subfield code="y">RN</subfield>
  </datafield>
  <datafield tag="952" ind1=" " ind2=" ">
    <subfield code="0">0</subfield>
    <subfield code="1">0</subfield>
    <subfield code="4">0</subfield>
    <subfield code="7">0</subfield>
    <subfield code="a">BCEJYS</subfield>
    <subfield code="b">BCEJYS</subfield>
    <subfield code="c">13</subfield>
    <subfield code="d">1958-01-01</subfield>
    <subfield code="h">Tomo VI - ene./dic. 1958</subfield>
    <subfield code="l">0</subfield>
    <subfield code="o">H349.2 LEG T.6</subfield>
    <subfield code="p">R23266</subfield>
    <subfield code="r">2026-04-10 16:10:20</subfield>
    <subfield code="w">2026-04-10</subfield>
    <subfield code="y">RN</subfield>
  </datafield>
  <datafield tag="952" ind1=" " ind2=" ">
    <subfield code="0">0</subfield>
    <subfield code="1">0</subfield>
    <subfield code="4">0</subfield>
    <subfield code="7">0</subfield>
    <subfield code="a">BCEJYS</subfield>
    <subfield code="b">BCEJYS</subfield>
    <subfield code="c">13</subfield>
    <subfield code="d">1957-01-01</subfield>
    <subfield code="h">Tomo V - ene./dic. 1957</subfield>
    <subfield code="l">0</subfield>
    <subfield code="o">H349.2 LEG T.5</subfield>
    <subfield code="p">R23265</subfield>
    <subfield code="r">2026-04-10 16:10:20</subfield>
    <subfield code="w">2026-04-10</subfield>
    <subfield code="y">RN</subfield>
  </datafield>
  <datafield tag="952" ind1=" " ind2=" ">
    <subfield code="0">0</subfield>
    <subfield code="1">0</subfield>
    <subfield code="4">0</subfield>
    <subfield code="7">0</subfield>
    <subfield code="a">BCEJYS</subfield>
    <subfield code="b">BCEJYS</subfield>
    <subfield code="c">13</subfield>
    <subfield code="d">1956-01-01</subfield>
    <subfield code="h">Tomo IV - ene./dic. 1956</subfield>
    <subfield code="l">0</subfield>
    <subfield code="o">H349.2 LEG T.4</subfield>
    <subfield code="p">R23264</subfield>
    <subfield code="r">2026-04-10 16:10:20</subfield>
    <subfield code="w">2026-04-10</subfield>
    <subfield code="y">RN</subfield>
  </datafield>
  <datafield tag="952" ind1=" " ind2=" ">
    <subfield code="0">0</subfield>
    <subfield code="1">0</subfield>
    <subfield code="4">0</subfield>
    <subfield code="7">0</subfield>
    <subfield code="a">BCEJYS</subfield>
    <subfield code="b">BCEJYS</subfield>
    <subfield code="c">13</subfield>
    <subfield code="d">1955-01-01</subfield>
    <subfield code="h">Tomo III - ene./dic. 1955</subfield>
    <subfield code="l">0</subfield>
    <subfield code="o">H349.2 LEG T.3</subfield>
    <subfield code="p">R23263</subfield>
    <subfield code="r">2026-04-10 16:10:20</subfield>
    <subfield code="w">2026-04-10</subfield>
    <subfield code="y">RN</subfield>
  </datafield>
  <datafield tag="952" ind1=" " ind2=" ">
    <subfield code="0">0</subfield>
    <subfield code="1">0</subfield>
    <subfield code="4">0</subfield>
    <subfield code="7">0</subfield>
    <subfield code="a">BCEJYS</subfield>
    <subfield code="b">BCEJYS</subfield>
    <subfield code="c">13</subfield>
    <subfield code="d">1954-01-01</subfield>
    <subfield code="h">Tomo II - ene./dic. 1954</subfield>
    <subfield code="l">0</subfield>
    <subfield code="o">H349.2 LEG T.2</subfield>
    <subfield code="p">R23262</subfield>
    <subfield code="r">2026-04-10 16:10:20</subfield>
    <subfield code="w">2026-04-10</subfield>
    <subfield code="y">RN</subfield>
  </datafield>
  <datafield tag="952" ind1=" " ind2=" ">
    <subfield code="0">0</subfield>
    <subfield code="1">0</subfield>
    <subfield code="4">0</subfield>
    <subfield code="7">0</subfield>
    <subfield code="a">BCEJYS</subfield>
    <subfield code="b">BCEJYS</subfield>
    <subfield code="c">13</subfield>
    <subfield code="d">1953-01-01</subfield>
    <subfield code="h">Tomo I - ene./dic. 1953</subfield>
    <subfield code="l">0</subfield>
    <subfield code="o">H349.2 LEG T.1</subfield>
    <subfield code="p">R23240</subfield>
    <subfield code="r">2026-04-10 16:10:20</subfield>
    <subfield code="w">2026-04-10</subfield>
    <subfield code="y">RN</subfield>
  </datafield>
</record>
